[Event "Managua Arellano Memorial"]
[Site "Managua"]
[Date "2023.07.23"]
[Round "3"]
[White "Melendez Vargas, Deybis Antonio"]
[Black "Garcia Martinez, Antonio Jose"]
[Result "1/2-1/2"]
[WhiteElo "1479"]
[BlackElo "1815"]
[PlyCount "140"]
[EventDate "2023.07.22"]
[EventType "swiss"]
[EventRounds "9"]
[EventCountry "NCA"]
[SourceTitle "EXT 2024"]
[Source "ChessBase"]
[SourceDate "2023.10.10"]
[SourceVersion "1"]
[SourceVersionDate "2023.10.10"]
[SourceQuality "1"]

1. d4 d5 2. c4 c6 3. Nc3 e6 4. cxd5 cxd5 5. Nf3 a6 6. Bf4 Bd6 7. Bxd6 Qxd6 8. e3 Nc6 9. a3 f5 10. Be2 Nf6 11. 0-0 0-0 12. Rc1 Bd7 13. Na4 h6 14. Nc5 Rab8 15. Nh4 Be8 16. f4 Kh7 17. Nf3 Bh5 18. Ne5 Bxe2 19. Qxe2 Ne4 20. Ncd7 Nxe5 21. Nxf8+ Rxf8 22. fxe5 Qb6 23. Qe1 Qxb2 24. Qb4 Qxb4 25. axb4 Nd2 26. Rf2 Nc4 27. Rfc2 Rc8 28. Rb1 Re8 29. Rc3 Re7 30. Rbc1 Rc7 31. Kf2 Kg6 32. Ra1 Rc6 33. Rac1 Kf7 34. Kg3 g5 35. h4 Kg6 36. hxg5 hxg5 37. Rh1 Rb6 38. Rh8 Rxb4 39. Rg8+ Kf7 40. Rxg5 Rb1 41. Rh5 a5 42. Rh7+ Kg6 43. Re7 b5 44. Rxe6+ Kg5 45. Re8 a4 46. Rg8+ Kh6 47. Rxc4 bxc4 48. Ra8 Kg6 49. Rxa4 Rb6 50. Ra5 c3 51. Rc5 Rb3 52. Kf4 Rb2 53. Rc6+ Kf7 54. Kxf5 Rf2+ 55. Kg4 Rxg2+ 56. Kf3 Rc2 57. e4 dxe4+ 58. Kxe4 Rc1 59. Kd5 Ke7 60. e6 c2 61. Rc7+ Kf6 62. Rf7+ Kg6 63. Rf2 Kg7 64. Re2 Kf8 65. e7+ Ke8 66. Ke6 Rh1 67. Rxc2 Rh6+ 68. Ke5 Kxe7 69. Rc7+ Kd8 70. Rg7 Ke8 1/2-1/2

[Event "Managua Arellano Memorial"]
[Site "Managua"]
[Date "2023.07.22"]
[Round "1"]
[White "Treminio Umanzor, Leonel Alejandro"]
[Black "Garcia Martinez, Antonio Jose"]
[Result "1-0"]
[WhiteElo "1313"]
[BlackElo "1815"]
[PlyCount "119"]
[EventDate "2023.07.22"]
[EventType "swiss"]
[EventRounds "9"]
[EventCountry "NCA"]
[SourceTitle "EXT 2024"]
[Source "ChessBase"]
[SourceDate "2023.10.10"]
[SourceVersion "1"]
[SourceVersionDate "2023.10.10"]
[SourceQuality "1"]

1. d4 Nf6 2. Bf4 d6 3. Nc3 g6 4. e4 Bg7 5. Qd2 0-0 6. 0-0-0 c6 7. Bh6 b5 8. f3 a5 9. h4 a4 10. h5 b4 11. Nce2 b3 12. cxb3 Qa5 13. Bxg7 Qxd2+ 14. Rxd2 axb3 15. axb3 Kxg7 16. h6+ Kg8 17. Kb1 Be6 18. Nc1 Na6 19. Nh3 Rfb8 20. Ng5 Ra7 21. Nxe6 fxe6 22. Bxa6 Rxa6 23. Kc2 Ra1 24. Re1 Kf7 25. Nd3 Rxe1 26. Nxe1 Ng8 27. g4 Nxh6 28. g5 Ng8 29. Rh2 Kg7 30. Nd3 Rf8 31. Rh3 h5 32. Kc3 Kf7 33. f4 Ke8 34. Rh1 Kd7 35. Ra1 Rc8 36. e5 Kc7 37. Kc4 Rb8 38. Ra6 Rb6 39. Ra5 Rb8 40. b4 Rb7 41. Ra1 Rb8 42. Ne1 Kb7 43. Ng2 Rf8 44. Rf1 Rf7 45. Nh4 Rg7 46. b5 Kb6 47. bxc6 Kxc6 48. b4 Kb6 49. b5 Ka5 50. Rf2 Kb6 51. Kb4 Kb7 52. Ka5 Ka7 53. b6+ Kb7 54. Kb5 d5 55. Ra2 Rh7 56. Ra7+ Kb8 57. Kc6 Rh8 58. Nxg6 h4 59. Nxh8 h3 60. Rd7 1-0

[Event "NCA-ch sf"]
[Site "Managua"]
[Date "2023.02.12"]
[Round "9.11"]
[White "Garcia Martinez, Antonio Jose"]
[Black "Machado Garcia, Ruben Efrain"]
[Result "0-1"]
[WhiteElo "1851"]
[BlackElo "1725"]
[PlyCount "66"]
[EventDate "2023.01.28"]
[EventType "swiss"]
[EventRounds "9"]
[EventCountry "NCA"]
[SourceTitle "CBM 213 Extra"]
[Source "ChessBase"]
[SourceDate "2023.05.31"]
[SourceVersion "1"]
[SourceVersionDate "2023.05.31"]
[SourceQuality "1"]

1. c4 g6 2. d4 Nf6 3. Nc3 d6 4. e4 c6 5. f3 a6 6. a4 a5 7. Be3 Na6 8. Bd3 Nb4 9. Bb1 b6 10. Nge2 Ba6 11. b3 Bg7 12. 0-0 c5 13. d5 e6 14. dxe6 fxe6 15. Qd2 Qe7 16. Rd1 Rd8 17. Bh6 0-0 18. Bxg7 Kxg7 19. Na2 Nc6 20. Qb2 e5 21. Nac3 Nd4 22. Rd2 Bb7 23. Bd3 Nh5 24. Rf1 Qg5 25. Nxd4 exd4 26. Nd5 Bxd5 27. cxd5 Nf4 28. Bb5 h5 29. Kh1 h4 30. Rg1 Nh5 31. Rdd1 Ng3+ 32. hxg3 hxg3 33. Rge1 Qh4+ 0-1

[Event "NCA-ch sf"]
[Site "Managua"]
[Date "2023.01.29"]
[Round "2.3"]
[White "Garcia Martinez, Antonio Jose"]
[Black "Carranza Narvaez, Sergio Ivan"]
[Result "1/2-1/2"]
[WhiteElo "1851"]
[BlackElo "1978"]
[PlyCount "123"]
[EventDate "2023.01.28"]
[EventType "swiss"]
[EventRounds "9"]
[EventCountry "NCA"]
[SourceTitle "CBM 213 Extra"]
[Source "ChessBase"]
[SourceDate "2023.05.31"]
[SourceVersion "1"]
[SourceVersionDate "2023.05.31"]
[SourceQuality "1"]

1. c4 e5 2. g3 Nf6 3. Bg2 Nc6 4. Nc3 d6 5. d3 Be7 6. Nf3 0-0 7. 0-0 Bd7 8. Rb1 Qc8 9. b4 Bh3 10. b5 Bxg2 11. Kxg2 Na5 12. Bg5 h6 13. Bxf6 Bxf6 14. Nd2 b6 15. Nde4 Bd8 16. e3 f5 17. Nd2 Qe6 18. Nb3 Nxb3 19. axb3 f4 20. exf4 exf4 21. Qf3 Bg5 22. Qd5 f3+ 23. Kg1 Qf7 24. Qxf7+ Rxf7 25. Ne4 a5 26. bxa6 Rxa6 27. Ra1 Rxa1 28. Rxa1 Bf6 29. Ra8+ Kh7 30. h4 Bd4 31. b4 g6 32. b5 Kg7 33. Kh2 Rd7 34. Kh3 d5 35. cxd5 Rxd5 36. Rc8 Be5 37. Kg4 Rxd3 38. Re8 Bd6 39. Nxd6 h5+ 40. Kf4 Rxd6 41. Re7+ Kh6 42. Rxc7 Rf6+ 43. Ke3 Rf5 44. Rc6 Rxb5 45. Kxf3 Rb4 46. Kg2 Rb2 47. Kh3 b5 48. f4 Kg7 49. Rb6 b4 50. Rb7+ Kf6 51. Rb6+ Kf5 52. Rb5+ Ke4 53. Rb6 Kf3 54. Rxg6 Rg2 55. Rb6 Rxg3+ 56. Kh2 Rg4 57. Rxb4 Rxh4+ 58. Kg1 Rg4+ 59. Kh2 Rh4+ 60. Kg1 Kg3 61. Rb3+ Kg4 62. Kg2 1/2-1/2

[Event "NCA-ch sf"]
[Site "Managua"]
[Date "2023.01.28"]
[Round "1.15"]
[White "Perez Salazar, Jimmy Alberto"]
[Black "Garcia Martinez, Antonio Jose"]
[Result "0-1"]
[WhiteElo "1523"]
[BlackElo "1851"]
[PlyCount "110"]
[EventDate "2023.01.28"]
[EventType "swiss"]
[EventRounds "9"]
[EventCountry "NCA"]
[SourceTitle "CBM 213 Extra"]
[Source "ChessBase"]
[SourceDate "2023.05.31"]
[SourceVersion "1"]
[SourceVersionDate "2023.05.31"]
[SourceQuality "1"]

1. d4 Nf6 2. Nf3 g6 3. c4 c5 4. Nc3 cxd4 5. Nxd4 Nc6 6. e4 d6 7. Be2 Bg7 8. Be3 0-0 9. f3 Bd7 10. Qd2 Qa5 11. g4 Rfc8 12. h4 Nxd4 13. Bxd4 Be6 14. b3 a6 15. Rd1 b5 16. cxb5 axb5 17. 0-0 h5 18. g5 Nd7 19. Bxg7 Kxg7 20. Qd4+ Kg8 21. b4 Qa3 22. Rd3 Bc4 23. Re3 Bxe2 24. Nxe2 Qxa2 25. Nc3 Qc4 26. Qxc4 Rxc4 27. Nxb5 Rxb4 28. Nc7 Ra2 29. Rf2 Ra1+ 30. Kg2 Rbb1 31. Nd5 Rg1+ 32. Kh2 Rh1+ 33. Kg3 Rag1+ 34. Rg2 e6 35. Nf6+ Nxf6 36. gxf6 Rxg2+ 37. Kxg2 Rxh4 38. Rb3 Rf4 39. Rb6 Rxf6 40. Rxd6 Kg7 41. Kg3 e5 42. Rd5 Re6 43. Kh4 Kh6 44. Rd8 g5+ 45. Kg3 Kg7 46. Rd5 Re7 47. Rb5 f6 48. Rb8 Ra7 49. Rc8 Ra3 50. Rc7+ Kg6 51. Rc8 g4 52. Rg8+ Kf7 53. Rh8 Rxf3+ 54. Kg2 Rf4 55. Rxh5 Rxe4 0-1

[Event "Managua Hurtado Memorial 22nd"]
[Site "Managua"]
[Date "2022.12.29"]
[Round "7"]
[White "Garcia Martinez, Antonio Jose"]
[Black "Ortiz Bermudez, Victor Francisco"]
[Result "1/2-1/2"]
[WhiteElo "1850"]
[BlackElo "1366"]
[PlyCount "46"]
[EventDate "2022.12.26"]
[EventType "swiss"]
[EventRounds "9"]
[EventCountry "NCA"]
[SourceTitle "CBM 212 Extra"]
[Source "ChessBase"]
[SourceDate "2023.03.31"]
[SourceVersion "1"]
[SourceVersionDate "2023.03.31"]
[SourceQuality "1"]

1. c4 e5 2. Nc3 Nc6 3. g3 f5 4. e4 Nf6 5. d3 fxe4 6. dxe4 Bc5 7. Nf3 0-0 8. Bg5 Qe8 9. Bxf6 Rxf6 10. Nd5 Rxf3 11. Qxf3 Nd4 12. Qd3 Qf7 13. Be2 c6 14. Nc3 d6 15. h3 Be6 16. Rh2 Nxe2 17. Qxe2 Bxc4 18. Qd2 Qf3 19. Qd1 Rf8 20. Qxf3 Rxf3 21. Rc1 a5 22. a3 Ba6 23. Nb1 Rb3 1/2-1/2

[Event "Managua Hurtado Memorial 22nd"]
[Site "Managua"]
[Date "2022.12.28"]
[Round "5"]
[White "Garcia Martinez, Antonio Jose"]
[Black "Vanegas Lopez, Natanael Emanuel"]
[Result "1/2-1/2"]
[WhiteElo "1850"]
[BlackElo "1909"]
[PlyCount "60"]
[EventDate "2022.12.26"]
[EventType "swiss"]
[EventRounds "9"]
[EventCountry "NCA"]
[SourceTitle "CBM 212 Extra"]
[Source "ChessBase"]
[SourceDate "2023.03.31"]
[SourceVersion "1"]
[SourceVersionDate "2023.03.31"]
[SourceQuality "1"]

1. c4 Nf6 2. g3 e6 3. Bg2 d5 4. Nf3 Be7 5. 0-0 0-0 6. b3 c5 7. Bb2 Nc6 8. d3 b6 9. Ne5 Bb7 10. Nxc6 Bxc6 11. Nd2 Qc7 12. Nf3 Rfd8 13. Qc2 dxc4 14. dxc4 Be4 15. Qc1 Qb7 16. Nh4 Rd7 17. Rd1 Rad8 18. Rxd7 Rxd7 19. Qe1 Bxg2 20. Nxg2 Ne8 21. Rd1 Bf6 22. Rxd7 Qxd7 23. Bxf6 Nxf6 24. Nf4 Ne4 25. e3 Nf6 26. f3 Ne8 27. Ng2 Nf6 28. Nf4 Ne8 29. Ng2 Nf6 30. Nf4 Ne8 1/2-1/2

[Event "Managua Hurtado Memorial 22nd"]
[Site "Managua"]
[Date "2022.12.27"]
[Round "3"]
[White "Garcia Martinez, Antonio Jose"]
[Black "Vasquez Zavala, Jesus Adonay"]
[Result "1/2-1/2"]
[WhiteElo "1850"]
[BlackElo "1639"]
[PlyCount "106"]
[EventDate "2022.12.26"]
[EventType "swiss"]
[EventRounds "9"]
[EventCountry "NCA"]
[SourceTitle "CBM 212 Extra"]
[Source "ChessBase"]
[SourceDate "2023.03.31"]
[SourceVersion "1"]
[SourceVersionDate "2023.03.31"]
[SourceQuality "1"]

1. c4 Nf6 2. Nc3 g6 3. e4 d6 4. d4 Bg7 5. Bd3 0-0 6. f3 c5 7. d5 e6 8. Nge2 Re8 9. 0-0 exd5 10. cxd5 a6 11. g4 b5 12. Ng3 Qb6 13. Kg2 Nfd7 14. f4 c4 15. Bc2 Nc5 16. Be3 Bb7 17. Qf3 Qc7 18. Rad1 Nbd7 19. Bd4 Bxd4 20. Rxd4 Nb6 21. f5 b4 22. Nd1 Qe7 23. f6 Qe5 24. Qf4 Qxf4 25. Rxf4 a5 26. b3 cxb3 27. axb3 Rac8 28. Rf2 Ba6 29. Nb2 Ncd7 30. Rdd2 Ne5 31. h3 Rc3 32. Ne2 Bxe2 33. Rdxe2 Rec8 34. Nd1 R3c5 35. Rd2 h6 36. Kg3 Nbd7 37. Bd3 Nxd3 38. Rxd3 Ne5 39. Rdd2 Rc1 40. Kg2 Rb1 41. Nb2 Rcc1 42. Kg3 Rc3+ 43. Kg2 Rxb2 44. Rxb2 Nd3 45. e5 Nxf2 46. exd6 Rd3 47. Kxf2 Rxd5 48. Ra2 Rxd6 49. Rxa5 Rxf6+ 50. Kg3 Rd6 51. Rb5 Rd7 52. Kg2 Rd2+ 53. Kg3 Rd4 1/2-1/2

[Event "NCA-ch sf"]
[Site "Managua"]
[Date "2022.02.20"]
[Round "6"]
[White "Garcia Martinez, Antonio Jose"]
[Black "Flores, Manuel"]
[Result "1/2-1/2"]
[WhiteElo "1867"]
[BlackElo "1880"]
[PlyCount "115"]
[EventDate "2022.02.12"]
[EventType "swiss"]
[EventRounds "9"]
[EventCountry "NCA"]
[SourceTitle "EXT 2023"]
[Source "ChessBase"]
[SourceDate "2022.10.05"]
[SourceVersion "1"]
[SourceVersionDate "2022.10.05"]
[SourceQuality "1"]

1. c4 c5 2. Nf3 g6 3. d4 Bg7 4. d5 d6 5. Nc3 Nf6 6. e4 Bg4 7. Bd3 Nbd7 8. Bf4 0-0 9. 0-0 Nh5 10. Bg3 Nxg3 11. fxg3 Ne5 12. Qe2 Nxf3+ 13. gxf3 Bd4+ 14. Kg2 Bd7 15. h4 Qc8 16. g4 h5 17. Kh3 f5 18. gxf5 gxf5 19. Rg1+ Kh7 20. Rg5 fxe4+ 21. Kh2 Be8 22. Nxe4 Rf4 23. Qe1 Be5 24. Rxe5 dxe5 25. Ng5+ Kh8 26. Ne6 Rf6 27. Qxe5 Qd7 28. Rg1 Qd6 29. f4 Qxe5 30. fxe5 Rf2+ 31. Rg2 Rxg2+ 32. Kxg2 b6 33. Nc7 Rb8 34. Nxe8 Rxe8 35. Be2 Rg8+ 36. Kh3 Kh7 37. Bxh5 Rg1 38. a3 Rc1 39. d6 exd6 40. e6 Rxc4 41. e7 Re4 42. e8Q Rxe8 43. Bxe8 Kg7 44. Bc6 Kf6 45. Kg4 Kg6 46. h5+ Kh6 47. Be8 d5 48. Kf5 d4 49. b4 cxb4 50. axb4 a5 51. bxa5 bxa5 52. Ke5 d3 53. Ba4 Kxh5 54. Kd4 d2 55. Kc3 Kg5 56. Kxd2 Kf5 57. Kc3 Ke5 58. Kc4 1/2-1/2

[Event "NCA-ch Fase 2"]
[Site "Managua"]
[Date "2022.01.23"]
[Round "3"]
[White "Garcia Martinez, Antonio Jose"]
[Black "Martinez Gutierrez, Camila Renata"]
[Result "1-0"]
[WhiteElo "1870"]
[BlackElo "1276"]
[PlyCount "131"]
[EventDate "2022.01.22"]
[EventType "swiss"]
[EventRounds "9"]
[EventCountry "NCA"]
[SourceTitle "CBM 207 Extra"]
[Source "ChessBase"]
[SourceDate "2022.05.31"]
[SourceVersion "1"]
[SourceVersionDate "2022.05.31"]
[SourceQuality "1"]

1. c4 e6 2. g3 Nf6 3. Bg2 d5 4. e3 Be7 5. d4 c5 6. dxc5 Bxc5 7. Nc3 0-0 8. cxd5 exd5 9. Nxd5 Nxd5 10. Qxd5 Bb4+ 11. Bd2 Qxd5 12. Bxd5 Bxd2+ 13. Kxd2 Rd8 14. e4 Be6 15. Ne2 Bxd5 16. exd5 Rxd5+ 17. Ke3 Nc6 18. Rhd1 Re8+ 19. Kf3 Rf5+ 20. Nf4 Ne5+ 21. Kg2 g5 22. Nd5 Ng4 23. Rd2 Kg7 24. Rad1 h5 25. h3 Ne5 26. Re2 Re6 27. Rc2 Nc6 28. Ne3 Rfe5 29. Rd7 Re7 30. Rxe7 Nxe7 31. Rc7 Nd5 32. Nxd5 Rxd5 33. Rxb7 a5 34. b3 Kg6 35. a4 f5 36. Rb5 Rd3 37. Rxa5 Rxb3 38. Ra6+ Kf7 39. a5 Ke7 40. Rh6 Rb5 41. Rxh5 Rxa5 42. Rxg5 Kf6 43. h4 Ra8 44. Kh3 Re8 45. f4 Re3 46. h5 Re1 47. Kg2 Re2+ 48. Kf3 Re1 49. h6 Re8 50. h7 Rh8 51. Rh5 Kg6 52. g4 fxg4+ 53. Kxg4 Rxh7 54. Rxh7 Kxh7 55. Kf5 Kg7 56. Ke6 Kf8 57. Kf6 Kg8 58. Ke7 Kg7 59. f5 Kh8 60. f6 Kh7 61. f7 Kg6 62. f8Q Kg5 63. Qf3 Kg6 64. Qg4+ Kh6 65. Kf7 Kh7 66. Qg7# 1-0

[Event "Managua Hurtado Memorial op"]
[Site "Managua"]
[Date "2021.12.29"]
[Round "7"]
[White "Garcia Martinez, Antonio Jose"]
[Black "Gaitan Rivas, Norlan Miguel"]
[Result "0-1"]
[WhiteElo "1870"]
[BlackElo "1597"]
[PlyCount "114"]
[EventDate "2021.12.26"]
[EventType "swiss"]
[EventRounds "9"]
[EventCountry "NCA"]
[SourceTitle "CBM 206 Extra"]
[Source "ChessBase"]
[SourceDate "2022.03.31"]
[SourceVersion "1"]
[SourceVersionDate "2022.03.31"]
[SourceQuality "1"]

1. d4 Nf6 2. e3 d6 3. f4 c6 4. Nf3 Qc7 5. Bd3 Nbd7 6. 0-0 e5 7. fxe5 dxe5 8. Bc4 Be7 9. c3 0-0 10. Bd2 e4 11. Ng5 h6 12. Nxf7 Rxf7 13. Bxf7+ Kxf7 14. Be1 Kg8 15. Bg3 Bd6 16. Bf4 Bxf4 17. Rxf4 Nd5 18. Rf2 N7f6 19. Rxf6 Nxf6 20. Nd2 Be6 21. Nf1 Rf8 22. h3 Bc4 23. Nh2 Qg3 24. Qe1 Qg5 25. Qd2 Nd5 26. Re1 b5 27. Ng4 Rf5 28. Nf2 Nf6 29. b3 Bd5 30. Rc1 Rf3 31. c4 bxc4 32. bxc4 Be6 33. d5 cxd5 34. cxd5 Bxd5 35. Rc3 Rg3 36. Ng4 Nxg4 37. hxg4 Be6 38. Qd6 Qxg4 39. Qd2 Qg5 40. Qb2 Bh3 41. Rc2 Qxe3+ 42. Kh1 Qg5 43. Qb8+ Kh7 44. gxh3 Rxh3+ 45. Rh2 Qc1+ 46. Kg2 Rxh2+ 47. Kxh2 Qc2+ 48. Kg3 Qxa2 49. Qe5 Qf7 50. Kh2 Qg6 51. Kh3 h5 52. Kh2 h4 53. Qb2 Qg3+ 54. Kh1 h3 55. Qa2 Qg2+ 56. Qxg2 hxg2+ 57. Kxg2 Kg6 0-1

[Event "Managua Hurtado Memorial op"]
[Site "Managua"]
[Date "2021.12.28"]
[Round "5"]
[White "Garcia Martinez, Antonio Jose"]
[Black "Espinoza Solano, Jose Nahum"]
[Result "0-1"]
[WhiteElo "1870"]
[BlackElo "2155"]
[PlyCount "90"]
[EventDate "2021.12.26"]
[EventType "swiss"]
[EventRounds "9"]
[EventCountry "NCA"]
[SourceTitle "CBM 206 Extra"]
[Source "ChessBase"]
[SourceDate "2022.03.31"]
[SourceVersion "1"]
[SourceVersionDate "2022.03.31"]
[SourceQuality "1"]

1. c4 Nf6 2. Nf3 g6 3. g3 Bg7 4. Bg2 0-0 5. 0-0 d6 6. Nc3 Nc6 7. Rb1 e5 8. d3 a5 9. Bg5 h6 10. Bxf6 Bxf6 11. a3 Bg7 12. b4 axb4 13. axb4 f5 14. b5 Ne7 15. Ne1 f4 16. Qb3 Kh8 17. Nc2 g5 18. Nb4 Nf5 19. Nbd5 Nd4 20. Qd1 g4 21. Be4 f3 22. b6 c6 23. Nb4 Bd7 24. Nc2 fxe2 25. Nxe2 Nf3+ 26. Kg2 Be6 27. Ng1 Qf6 28. Bxf3 gxf3+ 29. Nxf3 Bg4 30. Nce1 Qe6 31. Rh1 Rxf3 32. Nxf3 Rf8 33. h3 Bxf3+ 34. Qxf3 Rxf3 35. Kxf3 d5 36. cxd5 Qxd5+ 37. Ke2 Bf8 38. Rhd1 Bc5 39. Rd2 Qe6 40. h4 Qg4+ 41. Kf1 Qf3 42. Rb3 e4 43. Ke1 e3 44. fxe3 Bxe3 45. Rdb2 Qxg3+ 0-1

[Event "NCA-chT final"]
[Site "Managua"]
[Date "2021.10.31"]
[Round "9.2"]
[White "Garcia Martinez, Antonio Jose"]
[Black "Briceno Sandino, Bryan Andres"]
[Result "1-0"]
[WhiteElo "1856"]
[BlackElo "1555"]
[PlyCount "67"]
[EventDate "2021.10.16"]
[EventType "team-tourn"]
[EventRounds "11"]
[EventCountry "NCA"]
[SourceTitle "EXT 2023"]
[Source "ChessBase"]
[SourceDate "2022.10.05"]
[SourceVersion "1"]
[SourceVersionDate "2022.10.05"]
[SourceQuality "1"]
[WhiteTeam "Jose Raul Capablanca"]
[BlackTeam "Universidad de Ingenieria"]
[WhiteTeamCountry "NCA"]
[BlackTeamCountry "NCA"]

1. c4 g6 2. g3 Bg7 3. Bg2 Nf6 4. Nc3 Nc6 5. d4 d6 6. e4 e5 7. d5 Nd4 8. Be3 c5 9. dxc6 Nxc6 10. Nb5 Ke7 11. Ne2 a6 12. Bb6 Qd7 13. Bh3 Ng4 14. Bxg4 f5 15. exf5 gxf5 16. Nc7 fxg4 17. Nxa8 e4 18. Nc7 Ne5 19. Nd5+ Kf7 20. Bd4 Nf3+ 21. Kf1 Be5 22. Bxe5 dxe5 23. Nec3 Qf5 24. Ne3 Qh5 25. Nxe4 Qh3+ 26. Ng2 h5 27. Nd6+ Kf6 28. Nxc8 h4 29. Qd6+ Kf7 30. Qe7+ Kg6 31. Rd1 Nxh2+ 32. Rxh2 Qxh2 33. Rd6+ Kf5 34. Qe6+ 1-0

[Event "NCA-chT final"]
[Site "Managua"]
[Date "2021.10.24"]
[Round "5.2"]
[White "Garcia Martinez, Antonio Jose"]
[Black "Arevalo Lopez, Josue"]
[Result "1-0"]
[WhiteElo "1856"]
[BlackElo "1992"]
[PlyCount "153"]
[EventDate "2021.10.16"]
[EventType "team-tourn"]
[EventRounds "11"]
[EventCountry "NCA"]
[SourceTitle "EXT 2023"]
[Source "ChessBase"]
[SourceDate "2022.10.05"]
[SourceVersion "1"]
[SourceVersionDate "2022.10.05"]
[SourceQuality "1"]
[WhiteTeam "Jose Raul Capablanca"]
[BlackTeam "Alcaldia de Managua"]
[WhiteTeamCountry "NCA"]
[BlackTeamCountry "NCA"]

1. c4 e6 2. Nf3 d5 3. b3 Nf6 4. g3 Be7 5. Bg2 0-0 6. 0-0 c5 7. Bb2 Nc6 8. d3 d4 9. Nbd2 Qc7 10. Ne1 b6 11. e4 e5 12. h3 Bd6 13. Nc2 Bd7 14. Bc1 Ne7 15. Nf3 h6 16. Bd2 Rab8 17. a4 a6 18. b4 Ng6 19. Qe2 Nh7 20. Nh2 Qc8 21. h4 Qc7 22. Qh5 Nf6 23. Qe2 Rfc8 24. Rfb1 Qd8 25. bxc5 bxc5 26. a5 Bc7 27. Qd1 Ne7 28. Qc1 Nc6 29. Rxb8 Rxb8 30. Qa3 Bd6 31. Bf3 Qc8 32. Qc1 Kh7 33. Rb1 Bc7 34. Ra1 Qb7 35. Nf1 Qb2 36. Qd1 Qb3 37. Be2 Ne7 38. Ne1 Qxd1 39. Bxd1 Ne8 40. f4 f6 41. fxe5 Bxe5 42. Kg2 Nc7 43. Bc1 Ne6 44. Nd2 Nc6 45. Nb3 Bd6 46. Bd2 Ne5 47. Bf4 Nxf4+ 48. gxf4 Ng4 49. Bxg4 Bxg4 50. Kg3 Bd7 51. Nd2 g5 52. hxg5 hxg5 53. Ng2 Rb2 54. Nf3 Kg7 55. Re1 Rb3 56. e5 gxf4+ 57. Nxf4 fxe5 58. Nxe5 Bf5 59. Kh4 Bxe5 60. Rxe5 Bxd3 61. Rxc5 Kf7 62. Rc6 Bf1 63. Nd5 Ra3 64. Rf6+ Ke8 65. Rxf1 Rxa5 66. Rd1 Rc5 67. Rxd4 a5 68. Nb6 Rc6 69. Na4 Ke7 70. Kg4 Ke6 71. Kf4 Rc8 72. Ke4 Rc7 73. Kd3 Ra7 74. c5 Rb7 75. Rd6+ Ke7 76. Ra6 Rb5 77. Rb6 1-0

[Event "NCA-chT Primera Division"]
[Site "Managua"]
[Date "2012.02.19"]
[Round "5.7"]
[White "Garcia Martinez, Antonio Jose"]
[Black "Velasquez, Rommel"]
[Result "1/2-1/2"]
[WhiteElo "2003"]
[BlackElo "2062"]
[PlyCount "74"]
[EventDate "2012.02.17"]
[EventType "swiss"]
[EventRounds "9"]
[EventCountry "NCA"]
[SourceTitle "EXT 2024"]
[Source "ChessBase"]
[SourceDate "2023.10.10"]
[SourceVersion "1"]
[SourceVersionDate "2023.10.10"]
[SourceQuality "1"]

1. c4 e6 2. e4 d5 3. e5 Nc6 4. Nf3 Nge7 5. d4 dxc4 6. Bxc4 Nd5 7. 0-0 Be7 8. Nc3 0-0 9. h3 Nxc3 10. bxc3 b6 11. Bb3 Bb7 12. Qd3 Na5 13. Bc2 g6 14. Bh6 Re8 15. Ba4 Bc6 16. Bxc6 Nxc6 17. Rfd1 Na5 18. c4 c6 19. Rac1 Rc8 20. Qe4 b5 21. c5 Nc4 22. Qg4 Qd5 23. Ng5 f5 24. exf6 Bxf6 25. Ne4 Bg7 26. Bxg7 Kxg7 27. Qh4 Rf8 28. Qg4 Rf5 29. Qe2 Rcf8 30. f3 a5 31. Ng3 Rf4 32. Ne4 a4 33. Kh2 a3 34. Ra1 h5 35. Rd3 Ra8 36. g3 Rf7 37. f4 h4 1/2-1/2

[Event "NCA-chT Primera Division"]
[Site "Managua"]
[Date "2012.02.18"]
[Round "4.10"]
[White "Pichardo, Carlos"]
[Black "Garcia Martinez, Antonio Jose"]
[Result "0-1"]
[WhiteElo "1840"]
[BlackElo "2003"]
[PlyCount "72"]
[EventDate "2012.02.17"]
[EventType "swiss"]
[EventRounds "9"]
[EventCountry "NCA"]
[SourceTitle "EXT 2024"]
[Source "ChessBase"]
[SourceDate "2023.10.10"]
[SourceVersion "1"]
[SourceVersionDate "2023.10.10"]
[SourceQuality "1"]

1. d4 Nf6 2. c4 c5 3. Nf3 cxd4 4. Nxd4 d6 5. Nc3 a6 6. e4 Nc6 7. Be2 g6 8. Be3 Bg7 9. 0-0 Ne5 10. f3 Bd7 11. Qd2 h5 12. h4 Rc8 13. b3 Qa5 14. Rac1 Nc6 15. Rfd1 Nxd4 16. Bxd4 0-0 17. Rc2 Qc7 18. Rdc1 Kh7 19. Nd5 Nxd5 20. cxd5 Bxd4+ 21. Qxd4 Qa5 22. Kf2 Rxc2 23. Rxc2 Qd8 24. Kg1 e5 25. Qf2 f5 26. Qe1 fxe4 27. fxe4 Qb6+ 28. Kh2 Qe3 29. Qb4 Rf4 30. Qe1 Qxe4 31. Rc7 Rxh4+ 32. Kg1 Qe3+ 33. Qf2 Rh1+ 34. Kxh1 Qxf2 35. Rxd7+ Kh6 36. Bf3 e4 0-1

[Event "NCA-chT Primera Division"]
[Site "Managua"]
[Date "2012.02.17"]
[Round "3.5"]
[White "Garcia Martinez, Antonio Jose"]
[Black "Espinoza, Felix"]
[Result "0-1"]
[WhiteElo "2003"]
[BlackElo "2139"]
[PlyCount "126"]
[EventDate "2012.02.17"]
[EventType "swiss"]
[EventRounds "9"]
[EventCountry "NCA"]
[SourceTitle "EXT 2024"]
[Source "ChessBase"]
[SourceDate "2023.10.10"]
[SourceVersion "1"]
[SourceVersionDate "2023.10.10"]
[SourceQuality "1"]

1. c4 Nf6 2. Nc3 g6 3. Nf3 Bg7 4. g3 0-0 5. Bg2 d6 6. 0-0 e5 7. d3 Nbd7 8. Bd2 h6 9. b4 c6 10. Rb1 Nh5 11. Nh4 Kh7 12. Ne4 Ndf6 13. c5 Nxe4 14. dxe4 Be6 15. Qc2 dxc5 16. bxc5 Qc7 17. Rfd1 Rad8 18. Qa4 b5 19. Qa3 Rd4 20. Bb4 Rfd8 21. Rxd4 Rxd4 22. e3 Rc4 23. Rd1 Rc2 24. Rd2 Rxd2 25. Bxd2 Qd8 26. Nf3 Nf6 27. Qb4 Nd7 28. a4 a5 29. Qxa5 Qxa5 30. Bxa5 bxa4 31. Bb4 Bf8 32. Ne1 Bxc5 33. Bc3 f6 34. Nc2 Nb6 35. Bf1 Bc4 36. Bxc4 Nxc4 37. Kf1 g5 38. Ke2 g4 39. f4 gxf3+ 40. Kxf3 Kg6 41. h3 Ba3 42. Ke2 Bd6 43. Kd3 Na3 44. Ne1 Nb5 45. Nc2 Kf7 46. Bb2 Ke6 47. Bc1 Be7 48. Bb2 c5 49. Bc1 Nd6 50. Na3 h5 51. Bd2 Nf7 52. h4 Nd6 53. Nc4 Nxc4 54. Kxc4 f5 55. exf5+ Kxf5 56. Kd5 e4 57. Bc1 Bf6 58. Ba3 Be5 59. Bxc5 Bxg3 60. Be7 Be5 61. Kc4 Bf6 62. Bxf6 Kxf6 63. Kb4 Kf5 0-1